[Event "Preinscritos IRT Online"]
[Site "Chess.com INT"]
[Date "2020.12.26"]
[Round "7"]
[White "Aguirre Silva, Freddy Alberto"]
[Black "Krishan Rani, Tanish Aditya"]
[Result "1-0"]
[WhiteElo "1517"]
[BlackElo "1159"]
[PlyCount "75"]
[EventDate "2020.12.26"]
[EventType "swiss"]
[EventRounds "11"]
[EventCountry "ECU"]
[SourceTitle "CBM 200 Extra"]
[Source "ChessBase"]
[SourceDate "2021.03.31"]
[SourceVersion "1"]
[SourceVersionDate "2021.03.31"]
[SourceQuality "1"]

1. e4 e5 2. d3 Nc6 3. f4 d6 4. Nf3 Nf6 5. Be2 Be7 6. 0-0 Nd4 7. fxe5 Nxe2+ 8. Qxe2 dxe5 9. Nxe5 Bd6 10. Nf3 Bg4 11. Nc3 Qe7 12. h3 Bh5 13. g4 Bxg4 14. hxg4 Nxg4 15. Qg2 Qe6 16. Nd4 Qe5 17. Nf3 Qh5 18. e5 Bc5+ 19. d4 Bb6 20. Ne4 0-0-0 21. c3 f5 22. Neg5 f4 23. Bxf4 h6 24. Ne4 g5 25. Bg3 Ne3 26. Qe2 Nxf1 27. Rxf1 Rhf8 28. Ned2 Qg4 29. Kg2 Rd7 30. Ne4 Rdf7 31. Nf6 Qe6 32. Nh2 Qc6+ 33. d5 Qc5 34. Bf2 Qa5 35. Bxb6 Qxb6 36. e6 Rxf6 37. Rxf6 Rxf6 38. e7 1-0